| 000 | 00459nam a2200145Ia 4500 | ||
|---|---|---|---|
| 008 | 220326s9999||||xx |||||||||||||| ||und|| | ||
| 020 | _a978-979-3323-28-2 | ||
| 084 | _a10279 LAB Gov Bo.1 | ||
| 100 | _aMuhadam Labolo, dkk. | ||
| 245 | 0 | _aBeberapa Pandangan Dasar Tentang Ilmu Pemerintahan | |
| 260 |
_aMalang _bBayu Media _c2008 |
||
| 300 | _axii + 570 halaman | ||
| 650 |
_aGovernment (Pemerintahan) _eG-O-V _yPandangan Dasar Ilmu Pemerintahan |
||
| 942 | _cBK | ||
| 999 |
_c13027 _d13027 |
||